Mogul Emperors of Hindustan, A. D. 1398-A.D. 1707 (Record no. 2645)

MARC details
000 -LEADER
fixed length control field 00637nam a2200241 a 4500
020 ## - INTERNATIONAL STANDARD BOOK NUMBER
ISBN
082 00 - DEWEY DECIMAL CLASSIFICATION NUMBER
Classification number 954.025
Author Cutter HOL
100 ## - MAIN ENTRY--AUTHOR NAME
Author name Holden, Edward S
245 ## - TITLE STATEMENT
Title Mogul Emperors of Hindustan, A. D. 1398-A.D. 1707
260 ## - PUBLICATION, DISTRIBUTION, ETC. (IMPRINT)
Place of publication Westminister
Name of publisher Archibald Constable and Company
Year of publication 1895
300 ## - PHYSICAL DESCRIPTION
Number of Pages 365p
500 ## - GENERAL NOTE
General note includes index and biblioraphy
505 2# - FORMATTED CONTENTS NOTE
Formatted contents note Appendex, Bibliography, Index
650 ## - SUBJECT ADDED ENTRY--TOPICAL TERM
Topical Term Mughal India
942 ## - ADDED ENTRY ELEMENTS (KOHA)
Koha item type Books
700 1# -
-- Holden, Edward S
Holdings
Home library Current library Date acquired Cost, normal purchase price Full call number Accession Number Koha item type
Henry Martyn Institute Library Henry Martyn Institute Library 05/24/2005 0.00 954.025 HOL 867 Archive Book
                   Copyright © 2026 | Henry Martyn Institute | Hyderabad | TS-500052 | INDIA | Implemented by hmi.edu.in
Hit-Count:

Powered by Koha